000 00467 a2200169 4500
001 190272
020 _a978-85-85930-60-8
040 _cMagnum
100 _aGerber, Henrique
240 1 0 _aNoções geográficas e administrativas da província de minas
_lpor
245 1 0 _aNoções geográficas e administrativas da província de minas
300 _a211
362 0 _a2013
440 1 _aFundação João Pinheiro
697 _aGEOGRAFIA DO BRASIL
942 _cBK
999 _c190272
_d190272